Normal view
MARC view
- ANU MOHAN, S
Entry Personal Name
001 - CONTROL NUMBER
- control field: 5345
003 - CONTROL NUMBER IDENTIFIER
- control field: OSt
005 - DATE AND TIME OF LATEST TRANSACTION
- control field: 20221202113512.0
008 - FIXED-LENGTH DATA ELEMENTS
- fixed length control field: 221202|| aca||aabn | a|a d
040 ## - CATALOGING SOURCE
- Original cataloging agency: OSt
- Transcribing agency: OSt
100 ## - HEADING--PERSONAL NAME
- Personal name: ANU MOHAN, S
- Personal name: HASHIFA, P
- Personal name: MUHAMMED MISBAH, P
- Personal name: NAJA RAHMAN, K
670 ## - SOURCE DATA FOUND
- Source citation: Work cat.: (OSt)17602: ANU MOHAN, S HASHIFA, P MUHAMMED MISBAH, P NAJA RAHMAN, K, PERFORMANCE EVALUATION OF RAINHOSE IRRIGATION SYSTEM, 2022
